000
00330nam a2200121Ia 4500
008
160609s9999 xx 000 0 und d
100
_a
Hagen, Mike.
245
4
_a
The Nikon Creative Lighting System
245
_c
By:Mike Hagen
260
_c
2015
650
_x
PHOTOGRAPHY
856
_u
http://file.ebook777.com/TheNikCreLigSys.zip
999
_c
295802
_d
295802